000 00709nam a2200289Ia 4500
005 20260324132905.0
008 008 260324s9999 xx 000 0 eng d
020 _a9780203044636
037 _aEBOOK
040 _aCRL
040 _beng
040 _cCRL
041 _2eng
041 _aeng
084 _qCRL
100 _aMr Jack Williams
_91191007
245 0 _aCricket and England
245 2 _bA Cultural and Social History of Cricket in England between the Wars
260 _bTaylor and Francis
260 _c2004
365 _a
365 _b160
856 _uhttp://www.taylorfrancis.com/books/9780203044636
942 _cEBOOK
999 _c1789525
_d1789525